Представление документа в формате MARC21

Поле Инд. ПП Название Значение
Тип записи a
Библиографический уровень m
001 _ Контрольный номер RU\infra-m\znanium\bibl\951065
005 _ Дата корректировки 20250915104133.8
008 Кодируемые данные 201216s2020 RU g rus u
020 a ISBN 978-5-369-00649-8
020 a ISBN 978-5-16-103609-9
020 a ISBN 978-5-16-003994-7
040 a Служба первич. каталог. Общество с ограниченной ответственностью «ЗНАНИУМ»
041 a Код языка текста rus
044 a Код страны публикации RU
080 a Индекс УДК 330 (075.8)
084 2 Источник индекса rubbk
a Индекс другой классификации/Индекс ББК 65.5я73
084 2 Источник индекса okso
a Индекс другой классификации/Индекс ББК 00.03.13
084 2 Источник индекса okso
a Индекс другой классификации/Индекс ББК 00.05.13
100 1_ a Автор Басовский Леонид Ефимович
q Полное имя Леонид Ефимович
245 a Заглавие Экономика
b Продолж. заглавия Учебное пособие
c Ответственность Тульский государственный университет
250 a Основные сведения об издании 1
260 a Место издания Москва
b Издательство Издательский Центр РИОР
c Дата издания 2019
300 a Объем 80 с.
520 a Аннотация В учебном пособии в краткой и доступной форме рассмотрены все основные вопросы, предусмотренные государственным образовательным стандартом и учебной программой по дисциплине «Экономика».
521 a Примеч. о целев. назн. ВО - Бакалавриат
650 a Основная рубрика Экономика. Бухгалтерский учет. Финансы
x Основная подрубрика Общая экономическая теория
700 1_ a Другие авторы Басовская Елена Николаевна
q Полное имя Елена Николаевна
852 x Примечание, не предназначенное для пользователя znanium2022
856 4_ a Имя сервера/домена znanium.com
m Помощь ebs_support@infra-m.ru
n Местонахождение сервера НИЦ ИНФРА-М
u URL http://znanium.com/catalog/document?id=371078
z Примечание для пользователя Участвует в КО
856 41 a Имя сервера/домена znanium.com
d Путь /cover/0951
f Электронное имя 951065.jpg
q Тип электронного формата image/jpeg
u URL https://znanium.com/cover/0951/951065.jpg